U vás je vždycky tak strašně ticho /

Dojemný příběh matky a dcery, román, který se klene obloukem od poválečného období až po pád Berlínské zdi.

Uloženo v:
Hlavní autor: Schröder, Alena, 1979- (Autor)
Další autoři: Batistová, Kateřina, 1968- (Autor)
Médium: Kniha
Jazyk:Czech
Vydáno: Praha : Dobrovský s.r.o., 2026
Edice:Kontrast
Témata:
Celkem bylo vypůjčeno:1x
Tagy:
Žádné tagy
LEADER 02556nam a2200397 i 4500
001 106272
003 CZ PrNK
005 20260506092216.0
007 ta
008 260423s2026 xr g 000 f cze
015 |a cnb003753674 
020 |a 9788027743186  |q (vázáno) :  |c Kč 499,00 
040 |a ABG001  |b cze  |e rda 
041 1 |a cze  |h ger 
072 7 |a 821.112.2-3  |x Německá próza, německy psaná  |2 Konspekt  |9 25 
080 |a 821.112.2-31  |2 MRF 
080 |a (0:82-31)  |2 MRF 
100 1 |a Schröder, Alena,  |d 1979-  |7 xx0269625  |4 aut  |9 113869 
240 1 0 |a Bei euch ist es immer so unheimlich still.  |l Česky 
245 1 0 |a U vás je vždycky tak strašně ticho /  |c Alena Schröder ; z německého originálu Bei euch ist es immer so unheimlich still přeložila Kateřina Batistová 
264 1 |a Praha :  |b Dobrovský s.r.o.,  |c 2026 
300 |a 298 stran ;  |c 21 cm 
336 |a text  |b txt  |2 rdacontent 
337 |a bez média  |b n  |2 rdamedia 
338 |a svazek  |b nc  |2 rdacarrier 
490 1 |a Kontrast 
520 2 |a Dojemný příběh matky a dcery, román, který se klene obloukem od poválečného období až po pád Berlínské zdi.  |b Ildingen, 50. léta 20. století. Evelína Borowská má vše, o čem kdy snila: dům se zahradou, starostlivého manžela a svou dlouho očekávanou dceru Silvii. Navzdory tomu však není šťastná. Stýská se jí po práci lékařky a v tomto malém jihoněmeckém městečku se cítí jako outsider. A Betti, její kamarádka a švagrová, způsobuje spoustu problémů svým ostrým jazykem a bezohlednou jízdou. 1989. V Berlíně panuje pocit nového začátku, Silvie Borowská ale dělá krok zpět. V ukradeném VW Polu uhání ze Západního Berlína směrem na jih. Na sedadle spolujezdce leží v košíku na prádlo její malá dcerka Hana. Je jí teprve několik týdnů. Silvie už má dost života ve squatu a otec jejího dítěte o ní také nechce nic vědět. Ale co ji čeká v tom provinčním městečku, které před mnoha lety tak náhle opustila? A jak ji přijme její matka Evelína? Nakladatelská anotace. 
655 7 |a německé romány  |7 fd132945  |2 czenas  |9 53752 
655 9 |a German fiction  |2 eczenas 
700 1 |a Batistová, Kateřina,  |d 1968-  |7 xx0282464  |4 trl  |9 114120 
710 2 |a Dobrovský (firma)  |7 olak2017946581  |4 pbl  |9 117120 
830 0 |a Kontrast 
910 |a UOG502 
942 |2 ddc  |c KN 
999 |d 106272 
993 |0 0  |1 421180106996  |2 ddc  |4 0  |7 0  |9 99635  |b 0  |c 106996  |d 2026-05-06  |e 1  |f DOSP  |h 499.00  |i Koupě  |l DOSP  |q 2026-06-23  |r 2026-05-12  |s 2026-05-12  |t 6  |w 2026-05-06  |y KN  |z BELET  |n